ខ្ញុំចង់ស៊ីកូនក្មេង / (Record no. 1638)
[ view plain ]
| 000 -LEADER | |
|---|---|
| fixed length control field | 01481nam a22003017a 4500 |
| 001 - CONTROL NUMBER | |
| control field | 1638 |
| 003 - CONTROL NUMBER IDENTIFIER | |
| control field | FISKH |
| 005 - DATE AND TIME OF LATEST TRANSACTION | |
| control field | 20250313143403.0 |
| 008 - FIXED-LENGTH DATA ELEMENTS--GENERAL INFORMATION | |
| fixed length control field | 230912b cb ||||| |||| 00| 0 khr d |
| 020 ## - INTERNATIONAL STANDARD BOOK NUMBER | |
| International Standard Book Number | 9789924341475 |
| 040 ## - CATALOGING SOURCE | |
| Original cataloging agency | FISKH |
| Language of cataloging | eng |
| Transcribing agency | FISKH |
| Modifying agency | FISKH |
| 082 ## - DEWEY DECIMAL CLASSIFICATION NUMBER | |
| Classification number | 597.982 |
| 100 ## - MAIN ENTRY--PERSONAL NAME | |
| Personal name | Donnio, Sylviane |
| 245 ## - TITLE STATEMENT | |
| Title | ខ្ញុំចង់ស៊ីកូនក្មេង / |
| Statement of responsibility, etc. | និពន្ធដោយ ស៊ីលវីយ៉ាន ដូនីយ៉ូ - គូររូបដោយ ដូរ៉ូតេ ដឺ ម៉ុងហ្រ្វេដ - បកប្រែពីភាសាបារាំងដោយ អ៊ូច សូលីដា |
| 260 ## - PUBLICATION, DISTRIBUTION, ETC. | |
| Place of publication, distribution, etc. | Paris : |
| Name of publisher, distributor, etc. | Sipar, |
| Date of publication, distribution, etc. | 2022. |
| 300 ## - PHYSICAL DESCRIPTION | |
| Extent | 24 pages : |
| Other physical details | color illustrations ; |
| Dimensions | 15 × 19 cm |
| 490 ## - SERIES STATEMENT | |
| Series statement | តស់អាន! |
| 505 ## - FORMATTED CONTENTS NOTE | |
| Formatted contents note | J <br/> |
| 520 ## - SUMMARY, ETC. | |
| Summary, etc. | កូនក្រពើឆាលីមិនព្រមស៊ីចំណីដែលឪពុកម្ដាយរកមកឳ្យទេ តែវាចង់ស៊ីកូនក្មេងវិញ។ |
| 520 ## - SUMMARY, ETC. | |
| Summary, etc. | Baby Charlie refuses to eat the food his parents provide for him, but he wants to eat the baby. |
| 521 8# - TARGET AUDIENCE NOTE | |
| Target audience note | 500<br/> |
| Source | Lexile estimate <br/> |
| 521 8# - TARGET AUDIENCE NOTE | |
| Target audience note | J <br/> |
| Source | Raz-Plus <br/> |
| 650 ## - SUBJECT ADDED ENTRY--TOPICAL TERM | |
| Topical term or geographic name entry element | ក្រពើ |
| Form subdivision | ឪពុកម្ដាយ |
| General subdivision | ចំណី |
| 650 ## - SUBJECT ADDED ENTRY--TOPICAL TERM | |
| Topical term or geographic name entry element | Crocodile |
| Form subdivision | Parents |
| General subdivision | Food |
| 700 ## - ADDED ENTRY--PERSONAL NAME | |
| Personal name | Solyda, Ouch |
| Relator term | Translator |
| 700 ## - ADDED ENTRY--PERSONAL NAME | |
| Personal name | Monfreid, Dorothee de |
| Relator term | illustrator |
| 942 ## - ADDED ENTRY ELEMENTS (KOHA) | |
| Source of classification or shelving scheme | Dewey Decimal Classification |
| Koha item type | Khmer Books |
| Suppress in OPAC | No |
| Withdrawn status | Lost status | Source of classification or shelving scheme | Damaged status | Not for loan | Collection | Home library | Current library | Shelving location | Date acquired | Total Checkouts | Full call number | Barcode | Date due | Date last seen | Date last checked out | Copy number | Price effective from | Koha item type |
|---|---|---|---|---|---|---|---|---|---|---|---|---|---|---|---|---|---|---|
| Dewey Decimal Classification | Khmer Language Books / សៀវភៅភាសាខ្មែរ | Footprints International School Library Network Toul Kork Campus | Footprints International School Library Network Toul Kork Campus | TK Campus, Room B402, Khmer Book Case 16, Shelves 112-123 / ទូរសៀវភៅខ្មែរលេខ ១៦ ធ្នើរ ១១២ ដល់ ១២៣ បន្ទប់ B402 សាខាទួលគោក | 09/12/2023 | 1 | DON 597.982 | 2023-0585 | 11/27/2025 | 11/13/2025 | 11/13/2025 | 1 | 09/12/2023 | Khmer Books | ||||
| Dewey Decimal Classification | Khmer Language Books / សៀវភៅភាសាខ្មែរ | Footprints International School Library Network Toul Kork Campus | Footprints International School Library Network Toul Kork Campus | TK Campus, Room B402, Khmer Book Case 16, Shelves 112-123 / ទូរសៀវភៅខ្មែរលេខ ១៦ ធ្នើរ ១១២ ដល់ ១២៣ បន្ទប់ B402 សាខាទួលគោក | 09/12/2023 | 3 | DON 597.982 | 2023-0586 | 03/02/2026 | 02/02/2026 | 2 | 09/12/2023 | Khmer Books |
